000
00227nam a22000977a 4500
999
_c
11316
_d
11316
008
190219b ||||| |||| 00| 0 eng d
020
_a
9780736082716
100
_a
Whyte
_9
7057
245
_a
Fit in 5
260
_a
USA
_b
Kinetics
_c
2009